[Event "Michigan Open"]
[Site "Lansing, MI"]
[Date "2001.09.03"]
[Round "7.15"]
[White "Holmes, Zach"]
[Black "Vandivier, Don"]
[Result "0-1"]
[WhiteElo "1528"]
[BlackElo "1860"]
[Annotator "Don Vandivier"]
[PlyCount "34"]
[EventDate "2001.08.31"]

{Queen's Gambit Declined: Pillsbury} 1. d4 d5 {I usually play the Grunfeld but
sometimes I like to dabble in experimental stuff. So this is one of my
"experimental games".} 2. Nf3 Nf6 3. c4 e6 4. Bg5 Be7 5. Nc3 O-O 6. e3 a6 {I
saw this line for black invented by Paul Keres. It's called the Kere's Attack.
The idea is that black outwaits white's development. Sooner or later white
will have to move his white squared bishop - then black attacks.} 7. cxd5 {
DARN! This move prevents the Kere's Attack, but if white has to play the pawn
exchange so early then black should have no problems equalizing.} ({The line I
wanted to play was} 7. Rc1 Nbd7 8. Bd3 dxc4 9. Bxc4 b5 10. Bb3 Bb7 11. O-O c5
12. Qe2 cxd4 13. exd4 Rc8) 7... exd5 8. Bd3 Nbd7 9. O-O h6 {This move is often
played to relieve some pressure coming down the road.} 10. Bh4 c5 {Now I'm
getting aggressive.} 11. Rc1 cxd4 12. Nxd4 Ne5 13. Bf5 g6 {I thougt this was a
good move when I made it, it gives my king some air and keeps the knight out
of f5.} 14. Bb1 {But here I saw that my original plan would drop a pawn so I
played} b5 (14... Kg7 $2 15. Bxf6+ Bxf6 16. Nxd5 $1 {and I can't take the
knight without dropping my queen.}) 15. Bg3 {Suddenly I e that I may be in
danger of dropping the pawn on d5 anyways. I studied this position really hard
and found a save.} Bd6 {DIAGRAM!} 16. Nf3 $6 ({If} 16. Bxe5 $6 Bxe5 17. Nc6
Bxh2+ $1 18. Kxh2 Qd6+ 19. Kg1 Qxc6) 16... Nxf3+ 17. Qxf3 $2 Bg4 $1 {BAM! The
white queen is caught!} 0-1

[Event "Michigan Open Reserve"]
[Site "Lansing, MI"]
[Date "2001.09.03"]
[Round "7.18"]
[White "Holden, Anthony"]
[Black "Carr, Jay"]
[Result "1-0"]
[WhiteElo "1503"]
[BlackElo "1600"]
[PlyCount "47"]
[EventDate "2001.08.31"]

1. d4 d5 2. e3 Nf6 3. Bd3 c6 4. Nd2 g6 5. c3 Bg7 6. f4 O-O 7. h3 h5 8. Ngf3
Nbd7 9. Ne5 Qe8 10. f5 Nxe5 11. dxe5 Nd7 12. e6 Ne5 13. Bc2 fxe6 14. fxg6 Nxg6
15. Qxh5 Rf6 16. Rf1 Bd7 17. Rxf6 exf6 18. Bxg6 Qe7 19. Nb3 Be8 20. Qh7+ Kf8
21. Bxe8 Rxe8 22. e4 dxe4 23. Bh6 Qc7 24. Qh8+ 1-0

[Event "Michigan Open"]
[Site "Lansing, MI"]
[Date "2001.09.03"]
[Round "6.21"]
[White "Hodge, Larry"]
[Black "Thurman, John"]
[Result "1/2-1/2"]
[WhiteElo "1449"]
[BlackElo "1601"]
[PlyCount "115"]
[EventDate "2001.08.31"]

1. d4 d5 2. c4 c6 3. Nf3 Nf6 4. Bg5 Ne4 5. e3 Nxg5 6. Nxg5 h6 7. Nf3 Bf5 8. Nc3
e6 9. cxd5 exd5 10. Be2 Bd6 11. Bd3 Qd7 12. Rc1 O-O 13. O-O Re8 14. Re1 Be4 15.
Bc2 Bb4 16. a3 Bxc3 17. bxc3 Qe7 18. Ra1 Nd7 19. Bxe4 Qxe4 20. Ra2 Nf6 21. h3
Qe6 22. Ne5 Nd7 23. Nd3 b6 24. Rae2 f5 25. Nf4 Qd6 26. Qb3 g5 27. Nd3 Re7 28.
e4 fxe4 29. Rxe4 Rxe4 30. Rxe4 Kg7 31. Re2 Rf8 32. Qb2 c5 33. c4 Qf6 34. dxc5
dxc4 35. Qxf6+ Nxf6 36. Re7+ Rf7 37. Rxf7+ Kxf7 38. Ne5+ Ke6 39. cxb6 axb6 40.
Nxc4 b5 41. Nd2 Kd5 42. Kf1 Kd4 43. Ke1 Kc3 44. Kd1 Kb2 45. f3 Kxa3 46. g3 Kb2
47. Ne4 Nd5 48. Kd2 b4 49. Kd3 b3 50. Nd2 Ne7 51. f4 gxf4 52. gxf4 Nf5 53. Nc4+
Kc1 54. Kc3 Kd1 55. Kxb3 Ke2 56. Ne5 Ke3 57. Ng4+ Kxf4 58. Nxh6 1/2-1/2

[Event "Michigan Open Reserve"]
[Site "Lansing, MI"]
[Date "2001.09.03"]
[Round "7.19"]
[White "Hodge, Larry"]
[Black "Saylor, Oliver"]
[Result "1-0"]
[WhiteElo "1449"]
[BlackElo "1536"]
[PlyCount "152"]
[EventDate "2001.08.31"]

1. e4 e5 2. Nf3 Nc6 3. Bb5 a6 4. Ba4 Nf6 5. d3 d6 6. c3 Bd7 7. Bg5 Be7 8. Nbd2
h6 9. Bxf6 Bxf6 10. Nf1 O-O 11. Ne3 Ne7 12. Bc2 c6 13. d4 exd4 14. Nxd4 Qb6 15.
Nc4 Qc5 16. Qd3 Ng6 17. Ne2 Bg4 18. f3 Be6 19. b3 d5 20. exd5 Bxd5 21. O-O-O
Bxc4 22. Qxc4 Qxc4 23. bxc4 Ne5 24. Bb3 Rfe8 25. Nd4 a5 26. a4 g6 27. Kc2 Rad8
28. Rhf1 Nd7 29. Rf2 Nc5 30. Rdd2 Re1 31. Rfe2 Rxe2 32. Rxe2 Bxd4 33. cxd4 Nxb3
34. Kxb3 Rxd4 35. Kc3 Rd7 36. g4 Kg7 37. h4 Kf6 38. f4 h5 39. gxh5 gxh5 40. Re5
Re7 41. Rxh5 b5 42. cxb5 cxb5 43. Rxb5 Re4 44. Rxa5 Rxf4 45. h5 Rh4 46. Kd3 Kg7
47. Ke3 Kh6 48. Kf3 Kh7 49. Kg3 Rb4 50. Ra6 Kg7 51. a5 Ra4 52. Ra7 Kg8 53. a6
Kg7 54. Ra8 Kh7 55. a7 Kg7 56. Kf3 f5 57. Ke3 f4+ 58. Kf3 Ra1 59. Kxf4 Rf1+ 60.
Ke3 Re1+ 61. Kd2 Ra1 62. Kc3 Ra5 63. Kb4 Rxh5 64. Rg8+ Kxg8 65. a8=Q+ Kg7 66.
Qg2+ Kh6 67. Kc4 Rg5 68. Qh3+ Kg6 69. Kd4 Rh5 70. Qg4+ Rg5 71. Qe6+ Kh5 72. Ke4
Rg4+ 73. Kf3 Rg5 74. Kf4 Kh4 75. Qe1+ Kh5 76. Qe8+ Kh6 1-0

[Event "Michigan Open Reserve"]
[Site "Lansing, MI"]
[Date "2001.09.03"]
[Round "7.3"]
[White "Hershberger, Kent"]
[Black "Croel, Duane"]
[Result "1/2-1/2"]
[WhiteElo "1463"]
[BlackElo "1650"]
[PlyCount "54"]
[EventDate "2001.08.31"]

1. e4 c5 2. Nf3 d6 3. d4 cxd4 4. Nxd4 Nf6 5. Nc3 g6 6. Be3 Bg7 7. Qd2 Nc6 8.
Nf3 Ng4 9. Bg5 h6 10. Bf4 g5 11. Bg3 Qa5 12. Nd5 Qc5 13. c3 Qa5 14. b4 Qd8 15.
b5 Nce5 16. Nxe5 Nxe5 17. Be2 O-O 18. O-O Ng6 19. f4 e6 20. f5 exd5 21. fxg6
dxe4 22. gxf7+ Kh8 23. Bxd6 Be6 24. Rad1 Rxf7 25. Rxf7 Bxf7 26. Qe3 Qe8 27. Bc5
Rc8 1/2-1/2

[Event "Michigan Open"]
[Site "Lansing, MI"]
[Date "2001.09.03"]
[Round "7.16"]
[White "Hankinson, Chris"]
[Black "Spooner, Frank"]
[Result "1-0"]
[WhiteElo "2072"]
[BlackElo "1736"]
[Annotator "Don Vandivier"]
[PlyCount "53"]
[EventDate "2001.08.31"]

{Caro-Kann: Rasa-Studier} 1. e4 c6 2. d4 d5 3. Nc3 dxe4 4. f3 {This gambit is
not new. I have records of it being played by Rubin Fine against J. Rappaport
in 1931. It is called the Caro-Kann: Rasa-Studier variation. Like most gambits
White gives up a pawn for superior development.} e5 {Black decides to counter
gambit rather than face a prepared gambit. The move is not a bad choice.} 5.
Be3 Be6 $6 {In the game Fine - Rappaport, black played 5...exd4 forcing the
queens off, but Fine won anyways. However, 5...Be6 gives white a nice center
pawn, so it's questionable.} 6. fxe4 Bb4 7. Nf3 h6 ({I personally prefer to
get the pieces out. After} 7... Nf6 8. Ng5 (8. dxe5 Bxc3+ 9. bxc3 Qxd1+ 10.
Rxd1 Nxe4) 8... Bg4 9. Qd3 exd4 10. Bxd4 c5 {Black is better}) 8. Bd3 Bxc3+ 9.
bxc3 Nd7 10. O-O {Of course not 10.dxe5? which destroys white's pawn formation
and is immediately refuted by 10...Qa5!} Qc7 (10... Ngf6 {is better,
developing a piece.} 11. dxe5 $6 Ng4 12. Bf4 g5 $1 13. Bd2 Ndxe5 {Black is
better.}) 11. Nxe5 Nxe5 12. Bf4 {Black may have overlooked this pin, which
appears to allow White to maintain his pawn structure. However, black can now
play 12...f6!, which will force white to accept doubled and isolated pawns on
the c & e-files!} Bg4 $4 {Drops a whole piece.} 13. Bxe5 {13.Qxg4 was even
stronger.} Qd7 14. Qd2 f6 15. Bg3 h5 16. e5 O-O-O $2 {Losses even quicker than
playing 16...h4} 17. exf6 {This move is good, but even more forcing is 17.e6!
with the same idea.} Nxf6 $6 (17... h4 $5 18. fxg7 Rh5 {holds on a little
longer}) 18. Qf4 $1 Qf7 19. Bg6 Qe7 20. Rae1 $6 {Missing mate in 6.} (20. Qb8+
$1 Kd7 21. Qxb7+ Ke6 22. Qxc6+ Rd6 23. Rae1+ Be2 24. Rxe2+ Ne4 25. Rxe4#) 20...
Qd6 21. Qxd6 Rxd6 22. Bxd6 Kd7 23. Bc5 b6 24. Re7+ Kd8 25. Rxg7 Ne8 26. Bxe8
bxc5 27. Bxc6 1-0

[Event "Michigan Open"]
[Site "Lansing, MI"]
[Date "2001.09.03"]
[Round "6.11"]
[White "Hamood, Al"]
[Black "Szczypka, Tom"]
[Result "0-1"]
[WhiteElo "1872"]
[BlackElo "1977"]
[PlyCount "94"]
[EventDate "2001.08.31"]

1. e4 c5 2. Nf3 d6 3. Bd3 Nf6 4. c3 b6 5. O-O g6 6. Bc2 Bb7 7. Re1 Bg7 8. d4
O-O 9. Qe2 Nbd7 10. Nbd2 cxd4 11. cxd4 Rc8 12. Bb3 e5 13. d5 Nc5 14. Bc4 Qc7
15. Bd3 Nxd3 16. Qxd3 Nd7 17. b4 f5 18. Ng5 Qc3 19. Qb1 fxe4 20. Re3 Qc2 21.
Qb3 Bh6 22. h4 Qxb3 23. axb3 Bxd5 24. Ndxe4 Bxe4 25. Rxe4 d5 26. Re1 Bxg5 27.
Bxg5 Rc7 28. Ra2 Kf7 29. f4 e4 30. Rd2 Ke6 31. Red1 Nf6 32. Bxf6 Rxf6 33. Rxd5
Rxf4 34. g3 Rf3 35. Kg2 Rxb3 36. Rd6+ Ke7 37. R6d4 e3 38. Kf3 e2+ 39. Kxe2 Rc2+
40. R1d2 Rxd2+ 41. Kxd2 Rxg3 42. b5 Ra3 43. h5 g5 44. Rc4 Kd7 45. Rc6 Rf3 46.
Ke2 Rf7 47. h6 Rf5 0-1

[Event "Michigan Open"]
[Site "Lansing, MI"]
[Date "2001.09.03"]
[Round "7.11"]
[White "Gregg, Alan"]
[Black "Skidmore, Mike"]
[Result "1-0"]
[WhiteElo "2162"]
[BlackElo "1837"]
[PlyCount "77"]
[EventDate "2001.08.31"]

1. e4 c6 2. d3 d5 3. Nc3 e6 4. Bd2 Nd7 5. Nf3 Be7 6. e5 c5 7. g3 b6 8. Bg2 Bb7
9. O-O d4 10. Nb5 a6 11. Na3 Qc7 12. Re1 h5 13. c3 dxc3 14. Bxc3 h4 15. Nc4
hxg3 16. hxg3 O-O-O 17. Qe2 Nh6 18. Nd6+ Bxd6 19. exd6 Qxd6 20. Bxg7 Rh7 21.
Be5 Nxe5 22. Qxe5 Qxe5 23. Nxe5 Bxg2 24. Kxg2 f6 25. Nf3 e5 26. Rh1 Rdh8 27.
Rac1 Kb7 28. Rc4 Nf5 29. Rxh7+ Rxh7 30. Rg4 Rd7 31. Rg6 Rd6 32. g4 Ne7 33. Rg7
Rd7 34. Rf7 Kc7 35. g5 fxg5 36. Nxe5 Rd5 37. Rxe7+ Kd6 38. Ng6 Rxd3 39. Rd7+
1-0

[Event "Michigan Open Booster"]
[Site "Lansing, MI"]
[Date "2001.09.03"]
[Round "6.9"]
[White "Goetz, Robert"]
[Black "Vasos, John"]
[Result "1-0"]
[WhiteElo "1369"]
[BlackElo "1160"]
[PlyCount "27"]
[EventDate "2001.08.31"]

1. e4 c5 2. c4 g6 3. d4 e6 4. dxc5 Qa5+ 5. Nc3 Qxc5 6. Be3 Qe7 7. Nb5 Na6 8. c5
Rb8 9. Nd6+ Kd8 10. Bxa6 bxa6 11. Qa4 Rxb2 12. Qa5+ Rb6 13. cxb6 Qxd6 14. bxa7+
1-0

[Event "Michigan Open"]
[Site "Lansing, MI"]
[Date "2001.09.03"]
[Round "6.10"]
[White "Garrison, Ray"]
[Black "Carl, Kevin"]
[Result "0-1"]
[WhiteElo "1887"]
[BlackElo "2063"]
[PlyCount "80"]
[EventDate "2001.08.31"]

1. e4 c5 2. Nf3 d6 3. Nc3 a6 4. a4 Nc6 5. Qe2 e5 6. Qd1 Be6 7. b3 g6 8. Bc4
Bxc4 9. bxc4 Bg7 10. d3 Nge7 11. Ne2 f5 12. Nc3 h6 13. Nd5 O-O 14. Rb1 Rb8 15.
Bd2 g5 16. Bxg5 hxg5 17. Nxg5 Nxd5 18. Ne6 Nc3 19. Nxd8 Nxd1 20. Nxc6 bxc6 21.
Rxd1 Rb2 22. Kd2 Bh6+ 23. Kc3 Rfb8 24. exf5 d5 25. cxd5 cxd5 26. g4 R8b4 27. d4
cxd4+ 28. Kd3 e4+ 29. Ke2 d3+ 30. Rxd3 Rxc2+ 31. Kf1 exd3 32. g5 Rc1+ 33. Kg2
d2 34. f6 Rxh1 35. f7+ Kxf7 36. g6+ Kxg6 37. f4 d1=Q 38. f5+ Kxf5 39. a5 Qf1+
40. Kg3 Rg4# 0-1

[Event "Michigan Open"]
[Site "Lansing, MI"]
[Date "2001.09.03"]
[Round "7.4"]
[White "Fischvogt, Eric"]
[Black "Jarosz, Stan"]
[Result "1-0"]
[WhiteElo "2238"]
[BlackElo "2056"]
[PlyCount "65"]
[EventDate "2001.08.31"]

1. d4 d5 2. Bg5 c6 3. Nf3 h6 4. Bf4 Bf5 5. e3 e6 6. Be2 Nf6 7. O-O Be7 8. c4
O-O 9. Nc3 Nbd7 10. h3 dxc4 11. Bxc4 Nb6 12. Bb3 Nbd5 13. Be5 Nxc3 14. bxc3 c5
15. Qe2 Be4 16. Nd2 Bc6 17. Rfd1 Qa5 18. Nc4 Qa6 19. dxc5 Nd7 20. Bd6 Rfe8 21.
Qh5 Bf6 22. Bf4 Bxc3 23. Nd6 g6 24. Qxh6 Bg7 25. Qh4 Nxc5 26. Nxe8 Rxe8 27.
Rac1 Nxb3 28. axb3 Bd5 29. e4 Bxe4 30. Rd8 Qb5 31. Rcc8 Bc6 32. Rxe8+ Bxe8 33.
Qe7 1-0

[Event "Michigan Open Booster"]
[Site "Lansing, MI"]
[Date "2001.09.03"]
[Round "7.7"]
[White "Finegold, Spencer"]
[Black "LaFerriere, Adam"]
[Result "0-1"]
[WhiteElo "1258"]
[BlackElo "1107"]
[PlyCount "52"]
[EventDate "2001.08.31"]

1. e4 Nf6 2. e5 Nd5 3. d4 d6 4. exd6 exd6 5. c4 Nb6 6. Nf3 Qe7+ 7. Qe2 Nc6 8.
d5 Nb4 9. Na3 Nd3+ 10. Kd2 Qxe2+ 11. Kxe2 Nxc1+ 12. Rxc1 Be7 13. Nb5 Bd8 14.
Kd2 O-O 15. Re1 a6 16. Nbd4 Bg4 17. Bd3 Bxf3 18. Nxf3 Bf6 19. b3 Rae8 20. h4
Nd7 21. g4 Ne5 22. Nxe5 Bxe5 23. Rhf1 Bd4 24. f4 Bc5 25. Rxe8 Rxe8 26. Re1 Bb4+
0-1

[Event "Michigan Open"]
[Site "Lansing, MI"]
[Date "2001.09.03"]
[Round "6.1"]
[White "Finegold, Ben"]
[Black "Fischvogt, Eric"]
[Result "1-0"]
[WhiteElo "2635"]
[BlackElo "2238"]
[PlyCount "74"]
[EventDate "2001.08.31"]

1. d4 d5 2. c4 e6 3. Nc3 Nf6 4. Bg5 Be7 5. e3 O-O 6. Nf3 h6 7. Bxf6 Bxf6 8. Rc1
c6 9. Bd3 Nd7 10. O-O dxc4 11. Bxc4 b6 12. Qe2 Bb7 13. Rfd1 b5 14. Bb3 Qb6 15.
Ne4 Be7 16. Qc2 Rfd8 17. Ne1 a5 18. a3 a4 19. Ba2 b4 20. axb4 Bxb4 21. Nd3 Be7
22. Rd2 Ba6 23. Nf4 Bb4 24. Rdd1 c5 25. d5 e5 26. Nh5 Qg6 27. Nhg3 a3 28. bxa3
Bxa3 29. Ra1 Bb4 30. h4 Nf6 31. Nxf6+ Qxf6 32. h5 Bb5 33. d6 Ba4 34. Bxf7+ Kxf7
35. Rxa4 Rxa4 36. Qxa4 Rxd6 37. Qa7+ Kg8 1-0

[Event "Michigan Open Booster"]
[Site "Lansing, MI"]
[Date "2001.09.03"]
[Round "6.15"]
[White "Dyer, Rosanna"]
[Black "Smith, Tim"]
[Result "1-0"]
[WhiteElo "987"]
[BlackElo "1260"]
[PlyCount "50"]
[EventDate "2001.08.31"]

1. e4 e5 2. Nf3 Nc6 3. Bb5 Nf6 4. d3 d5 5. Bxc6+ bxc6 6. exd5 cxd5 7. Nxe5 Qe7
8. d4 Ng4 9. O-O Nxe5 10. dxe5 Qd8 11. Be3 c5 12. c3 Bd7 13. Qxd5 Qc8 14. Na3
Rb8 15. Nc4 Be6 16. Nd6+ Bxd6 17. Qxd6 Rxb2 18. Bxc5 Qd8 19. Qxd8+ Kxd8 20.
Bxa7 Bxa2 21. Rad1+ Kc7 22. Bd4 Re8 23. f4 Kb8 24. c4 Bxc4 25. Bxb2 g5 1-0

[Event "Michigan Open"]
[Site "Lansing, MI"]
[Date "2001.09.03"]
[Round "6.17"]
[White "Dorrington, Eldon"]
[Black "Morris, Jewell"]
[Result "1-0"]
[WhiteElo "1656"]
[BlackElo "1853"]
[PlyCount "122"]
[EventDate "2001.08.31"]

1. c4 c6 2. e3 d5 3. Nc3 e5 4. d4 e4 5. Qb3 Nf6 6. Nge2 dxc4 7. Qxc4 Be6 8. Qa4
b5 9. Qc2 Bb4 10. Bd2 Qc7 11. Ng3 Bxc3 12. bxc3 Bd5 13. Nf5 Qd7 14. Ng3 Qg4 15.
c4 bxc4 16. Bxc4 O-O 17. Bb4 Rc8 18. Be2 Qe6 19. O-O Re8 20. Rfb1 Nbd7 21. Rc1
Reb8 22. a3 a5 23. Bc5 Bb3 24. Qd2 Nd5 25. Bd1 Rb5 26. Bxb3 Rxb3 27. Qc2 Nc3
28. Ne2 Nxc5 29. dxc5 Nxe2+ 30. Qxe2 Qd5 31. Qg4 Rab8 32. h3 R3b5 33. Qf4 Rc8
34. Qd6 Qxd6 35. cxd6 Rd5 36. Rc4 f5 37. Rac1 Rxd6 38. Rc5 g6 39. Rxa5 Rc7 40.
Ra6 Kf7 41. Rc2 Ke7 42. a4 Rd1+ 43. Kh2 Kd7 44. a5 Rd5 45. Ra8 c5 46. a6 Kc6
47. Rb8 Ra7 48. Ra2 c4 49. Rc8+ Kb5 50. Rb2+ Kxa6 51. Rc6+ Ka5 52. Rxc4 Rb5 53.
Ra2+ Kb6 54. Rxa7 Kxa7 55. Rc7+ Rb7 56. Rxb7+ Kxb7 57. Kg3 Kc6 58. Kh4 h6 59.
g4 Kd6 60. gxf5 gxf5 61. Kh5 Ke6 1-0

[Event "Michigan Open"]
[Site "Lansing, MI"]
[Date "2001.09.03"]
[Round "6.7"]
[White "Dodaj, Gjergj"]
[Black "Ballicora, Miguel"]
[Result "0-1"]
[WhiteElo "1926"]
[BlackElo "2172"]
[Annotator "Don Vandivier"]
[PlyCount "50"]
[EventDate "2001.08.31"]

1. e4 c5 2. Nf3 Nc6 3. d4 cxd4 4. Nxd4 Nf6 5. Nc3 d6 6. Be2 {Considered by
some to be a passive square for the bishop.} e6 7. Be3 Be7 8. Qd2 a6 9. O-O-O
Bd7 {Usually Black castles short and then both sides pawn storm each other...
but Black has not castled yet.} 10. Kb1 b5 {and now Black is starting his pawn
attack on White while his king remains in the center.} 11. Bf3 Ne5 12. Qe1 Rb8
13. Bc1 O-O 14. Nce2 Qc7 15. Ng3 Rfc8 16. Be2 {While Black has been building
up a strong position with well coordinated pieces, White has been floundering.}
Nc4 17. f3 a5 18. b3 {DIAGRAM!} d5 $5 19. Bd3 (19. bxc4 $2 bxc4+ 20. Ka1 Qb6
21. Nb3 cxb3 22. cxb3 a4 {with a crushing attack}) 19... Bb4 $1 {Stronger -
Stronger - Stronger Black's pieces become. Note that 21.c3? loses to 21...Bxc3}
20. Qf1 Na3+ 21. Ka1 $4 Bc3+ 22. Bb2 Bxb2+ 23. Kxb2 Qc3+ 24. Kc1 Qxd4 25. exd5
Qa1+ 0-1

[Event "Michigan Open"]
[Site "Lansing, MI"]
[Date "2001.09.03"]
[Round "6.19"]
[White "Decker, Dale"]
[Black "Holmes, Zach"]
[Result "0-1"]
[WhiteElo "1852"]
[BlackElo "1528"]
[PlyCount "102"]
[EventDate "2001.08.31"]

1. e4 c5 2. c3 e6 3. d4 Nc6 4. Nf3 d5 5. exd5 exd5 6. Be3 cxd4 7. cxd4 Nf6 8.
h3 Bb4+ 9. Nc3 O-O 10. Bd3 Re8 11. O-O h6 12. Bc2 Bxc3 13. bxc3 Ne4 14. Bd2 Bf5
15. Ba4 Re6 16. Rc1 Rg6 17. Kh1 Qd6 18. Nh4 Rf6 19. Nxf5 Rxf5 20. Be3 Na5 21.
Qg4 Rf6 22. c4 Rd8 23. cxd5 Qxd5 24. Rc8 Rxc8 25. Qxc8+ Kh7 26. Rc1 Rg6 27. f3
Ng3+ 28. Kh2 Qd6 29. Qc5 Nf1+ 30. Kg1 Qxc5 31. Rxc5 Nxe3 32. Rxa5 Rxg2+ 33. Kh1
Rxa2 34. Rxa7 Nd1 35. Rxb7 Rxa4 36. d5 Rd4 37. Rxf7 Rxd5 38. Kg2 Kg6 39. Rb7
Rd3 40. Rb5 Rd5 41. Rb7 Rg5+ 42. Kf1 Kh5 43. Ke2 Nc3+ 44. Kf2 Kh4 45. f4 Rg6
46. f5 Rg3 47. Rf7 Kxh3 48. Rc7 Ne4+ 49. Kf1 Rg5 50. Re7 Nf6 51. Re3+ Kg4 0-1

[Event "Michigan Open Reserve"]
[Site "Lansing, MI"]
[Date "2001.09.03"]
[Round "6.5"]
[White "Croel, Duane"]
[Black "Bailey, Dennis"]
[Result "1-0"]
[WhiteElo "1650"]
[BlackElo "1268"]
[PlyCount "51"]
[EventDate "2001.08.31"]

1. d4 Nf6 2. c4 g6 3. Nc3 Bg7 4. e4 d6 5. f4 O-O 6. Nf3 Na6 7. e5 dxe5 8. fxe5
Ne8 9. Be3 c6 10. Qd2 Nec7 11. Bh6 Be6 12. h4 Bg4 13. Be2 Bxh6 14. Qxh6 Bxf3
15. gxf3 Qxd4 16. h5 g5 17. Qxg5+ Kh8 18. Qxe7 Rg8 19. Qf6+ Rg7 20. h6 Ne8 21.
hxg7+ Kg8 22. Qh6 Nxg7 23. Qxh7+ Kf8 24. Qh8+ Ke7 25. Qxg7 Re8 26. Qf6+ 1-0

[Event "Michigan Open Booster"]
[Site "Lansing, MI"]
[Date "2001.09.03"]
[Round "7.3"]
[White "Cowans, Winston"]
[Black "Lee, Pat"]
[Result "1-0"]
[WhiteElo "1216"]
[BlackElo "1006"]
[PlyCount "95"]
[EventDate "2001.08.31"]

1. Nf3 d5 2. d3 Nc6 3. g3 Nf6 4. Bg2 Bf5 5. Nbd2 g6 6. O-O Bg7 7. Nh4 Be6 8. f4
O-O 9. f5 gxf5 10. Nxf5 Bxf5 11. Rxf5 e6 12. Rf1 Ng4 13. Nb3 Nd4 14. e3 Nxb3
15. axb3 Nf6 16. e4 dxe4 17. dxe4 Qxd1 18. Rxd1 c6 19. Bf3 b6 20. Be3 Rfc8 21.
c4 Rc7 22. Bxb6 Rb7 23. Rd8+ Rxd8 24. Bxd8 Rxb3 25. Kg2 Rxb2+ 26. Kh3 Rb3 27.
Bg2 Nxe4 28. Rxa7 Nf2+ 29. Kh4 Rb8 30. Bc7 Rb4 31. Ra8+ Bf8 32. Bd6 Rxc4+ 33.
Kh5 Ne4 34. Bxe4 Rxe4 35. Bxf8 f5 36. Kg5 Rg4+ 37. Kh5 Kf7 38. Bd6 Rg8 39. Ra7+
Kf6 40. Be7+ Ke5 41. Rc7 Kd5 42. Kh6 e5 43. Kxh7 Rg4 44. Kh6 e4 45. Bg5 c5 46.
Kg6 e3 47. Kxf5 Re4 48. Rd7+ 1-0

[Event "Michigan Open"]
[Site "Lansing, MI"]
[Date "2001.09.03"]
[Round "7.12"]
[White "Cottrell-Finegold, Kelly"]
[Black "Dodaj, Gjergj"]
[Result "0-1"]
[WhiteElo "1076"]
[BlackElo "1926"]
[PlyCount "150"]
[EventDate "2001.08.31"]

1. d4 Nf6 2. c4 g6 3. Nc3 d5 4. e3 Bg7 5. Nf3 O-O 6. Bd3 dxc4 7. Bxc4 a6 8. a4
c5 9. O-O cxd4 10. exd4 Bg4 11. Be3 Nc6 12. Be2 Rc8 13. Qd2 Qa5 14. h4 Qh5 15.
Ne5 Rfd8 16. Bxg4 Nxg4 17. Nxg4 Qxg4 18. Rae1 Ne5 19. Qe2 Qxe2 20. Rxe2 Nc6 21.
Bg5 Rxd4 22. Bxe7 Nxe7 23. Rxe7 Rb4 24. Rfe1 Bxc3 25. bxc3 Rxc3 26. h5 gxh5 27.
R1e5 Rcc4 28. Rxh5 Rh4 29. Rxh4 Rxh4 30. a5 Rh5 31. Rxb7 Rxa5 32. Ra7 Kg7 33.
g3 Kg6 34. Kg2 f6 35. Kf3 h5 36. Kf4 Ra4+ 37. Ke3 Kf5 38. Rd7 Re4+ 39. Kd3 Re5
40. Ra7 a5 41. Ra6 Rd5+ 42. Ke3 Rb5 43. Kd3 Ke5 44. Kc3 Rd5 45. Kc4 Rd4+ 46.
Kc3 Ra4 47. Kd3 Ra3+ 48. Kc4 f5 49. Ra8 Ra2 50. Rh8 Rxf2 51. Rxh5 Rg2 52. Rh3
Ke4 53. Rh4+ Ke5 54. Rh3 Kf6 55. Kd4 Kg5 56. Rh8 Rxg3 57. Rg8+ Kf4 58. Ra8 Rg7
59. Rxa5 Rd7+ 60. Kc3 Ke4 61. Ra1 f4 62. Kc2 Ke3 63. Rd1 Rxd1 64. Kxd1 Kf2 65.
Kd2 Kg2 66. Ke2 f3+ 67. Ke3 f2 68. Kf4 f1=Q+ 69. Kg4 Qf3+ 70. Kh4 Qg3+ 71. Kh5
Kh3 72. Kh6 Kh4 73. Kh7 Kh5 74. Kh8 Kg6 75. Kg8 Qb8# 0-1

[Event "Michigan Open Booster"]
[Site "Lansing, MI"]
[Date "2001.09.03"]
[Round "6.10"]
[White "Clark, Richard"]
[Black "Moran, Matt"]
[Result "1-0"]
[WhiteElo "1238"]
[BlackElo "780"]
[PlyCount "65"]
[EventDate "2001.08.31"]

1. Nf3 d5 2. d4 Nc6 3. c4 e6 4. Nc3 Bb4 5. Qc2 Nf6 6. Bg5 O-O 7. Bxf6 Qxf6 8.
e3 e5 9. Nxe5 Nxe5 10. dxe5 Qxe5 11. cxd5 Bf5 12. Qb3 a5 13. a3 Bxc3+ 14. bxc3
b6 15. Be2 Rfd8 16. Rd1 a4 17. Qb4 Rxd5 18. O-O b5 19. Rxd5 Qxd5 20. Bf3 Be4
21. Bxe4 Qd8 22. Bxa8 Qxa8 23. Rd1 Qf8 24. Qa5 h6 25. Qxb5 Qxa3 26. Qb8+ Kh7
27. Qb1+ g6 28. Qc2 c5 29. h3 c4 30. Rb1 h5 31. Rb4 Qa1+ 32. Kh2 a3 33. Rb1 1-0

[Event "Michigan Open Booster"]
[Site "Lansing, MI"]
[Date "2001.09.03"]
[Round "7.8"]
[White "Clark, Richard"]
[Black "Fick II, Douglas"]
[Result "1-0"]
[WhiteElo "1238"]
[BlackElo "1065"]
[PlyCount "25"]
[EventDate "2001.08.31"]

1. Nf3 d5 2. d4 Nf6 3. c4 e6 4. Nc3 Be7 5. Qc2 Nc6 6. e3 b6 7. cxd5 Nxd5 8.
Nxd5 Qxd5 9. a3 O-O 10. Bd2 Rd8 11. Bd3 h6 12. O-O e5 13. Be4 1-0

[Event "Michigan Open Reserve"]
[Site "Lansing, MI"]
[Date "2001.09.03"]
[Round "7.11"]
[White "Christiansen, Jeremy"]
[Black "Moore, Robert"]
[Result "1-0"]
[WhiteElo "1613"]
[BlackElo "1600"]
[PlyCount "85"]
[EventDate "2001.08.31"]

1. e4 c5 2. Nf3 d6 3. d4 cxd4 4. Nxd4 Nf6 5. Nc3 a6 6. Bc4 e6 7. Bb3 Be7 8. Be3
O-O 9. f4 Nbd7 10. Qf3 Nc5 11. g4 e5 12. Nf5 Nxb3 13. cxb3 exf4 14. Bxf4 Bxf5
15. gxf5 Nd7 16. Rg1 Bh4+ 17. Kd2 Ne5 18. Qg2 Qf6 19. Nd5 Nc4+ 20. bxc4 Qxb2+
21. Ke3 Qa3+ 22. Ke2 Qb2+ 23. Kf3 Qxg2+ 24. Rxg2 f6 25. Bxd6 Rf7 26. Rd1 Rd8
27. Bb4 Kh8 28. Rg4 Bg5 29. h4 h5 30. Rg2 Bh6 31. Rb2 Rc8 32. Rc2 Rd7 33. Bd2
Bxd2 34. Rdxd2 Rc5 35. Rd1 b5 36. Rdc1 Rb7 37. cxb5 Rxc2 38. Rxc2 axb5 39. Rc8+
Kh7 40. Rc7 Rb8 41. Nxf6+ Kh6 42. Nd5 b4 43. Kf4 1-0